Municipalities of Erie County, NY - Statistics

General Stats
  • This quiz has been taken 55 times
  • The average score is 25 of 44
Answer Stats
Hint Answer % Correct
City Buffalo
97%
Town Amherst
81%
Village Williamsville
81%
Town Cheektowaga
72%
City Tonawanda
72%
Town Tonawanda
72%
Town West Seneca
72%
Town Clarence
69%
Town Hamburg
69%
Village Hamburg
69%
Town Lancaster
69%
Village Lancaster
69%
Town Alden
63%
Village Alden
63%
Village East Aurora
63%
Village Angola
59%
Village Depew
59%
Village Kenmore
59%
City Lackawanna
59%
Town Orchard Park
59%
Village Orchard Park
59%
Village Akron
56%
Town Grand Island
56%
Town Eden
53%
Village Springville
53%
Town Boston
50%
Town Elma
50%
Village Gowanda
50%
Village Blasdell
47%
Town Marilla
47%
Village Sloan
47%
Town Collins
44%
Town Concord
44%
Town Holland
44%
Town North Collins
44%
Village North Collins
44%
Town Aurora
41%
Town Evans
41%
Town Brant
38%
Town Newstead
38%
Town Sardinia
38%
Town Wales
38%
Village Farnham
31%
Town Colden
28%
No matching quizzes found
Score Distribution
Percent of People with Each Score
Percentile by Number Answered
Your Score History
You have not taken this quiz